00439nam a22001457a 4500003000500000038001800005082000800023100001500031245006700046264003500113300002400148650003100172700003200203856005800235NUST aNusrat Nadeem a200 aRaza, Fahd aCricket Video Summarization Using Temporal CNNs /cFahd Raza,  aIslamabad;bSEECS NUST;c2024. a67,p;bill;c30,cm. aMS-Electrical Engineering  aSupervisor: Dr Mohsin Kamal u http://10.250.8.41:8080/xmlui/handle/123456789/46548